Missing Word: Almost Superhero Movies Quiz Stats

 Plays Quiz Updated May 31, 2015

Challenge
Share
Tweet
Embed
Score 0/20 Timer 03:00
0 Plays Today
Movie Title Missing Word % Correct
The Karate _____☆Kid
96.9%
The _____ Mile☆Green
92.7%
The Elephant _____Man☆
92.6%
Sweeney _____: The Demon Barber of Fleet StreetTodd☆
90.7%
_____ Almighty☆Bruce
89.1%
Lord of the Rings: The _____Towers☆Two
87.6%
_____'s WorldWayne☆
84.5%
A _____ of Their OwnLeague☆
83.4%
_____/OffFace☆
81.5%
Poetic _____☆Justice
79.3%
Movie Title Missing Word % Correct
My _____ Ex-Girlfriend☆Super
78.3%
Scent of a _____Woman☆
78%
Freddy vs. _____☆Jason
77.5%
_____ than FictionStranger☆
74.5%
_____, InterruptedGirl☆
72.9%
Broken _____Arrow☆
62.5%
_____ Boys☆Wonder
55.8%
The _____ of One☆Power
34.4%
_____ of GeniusFlash☆
25.6%
_____ of the Paradise☆Phantom
13.9%

Today's Daily Dose

You're not logged in!

Compare scores with friends on all Sporcle quizzes.
OR
Log In

You Might Also Like...

Show Comments

Extras

Top Quizzes Today


Score Distribution

Your Account Isn't Verified!

In order to create a playlist on Sporcle, you need to verify the email address you used during registration. Go to your Sporcle Settings to finish the process.

Report this User

Report this user for behavior that violates our Community Guidelines.

Details: